Differential Equations with Maxima (Record no. 588692)

000 -LEADER
fixed length control field 00730nam a2200205 4500
003 - CONTROL NUMBER IDENTIFIER
control field NUST
005 - DATE AND TIME OF LATEST TRANSACTION
control field 20220308130146.0
008 - FIXED-LENGTH DATA ELEMENTS--GENERAL INFORMATION
fixed length control field 220308b ||||| |||| 00| 0 eng d
020 ## - INTERNATIONAL STANDARD BOOK NUMBER
International Standard Book Number 9780367382827
022 ## - INTERNATIONAL STANDARD SERIAL NUMBER
Source 9780367382827
028 ## - PUBLISHER NUMBER
Publisher number CRC Press
038 ## - RECORD CONTENT LICENSOR
Staff Name SAIF
040 ## - CATALOGING SOURCE
Original cataloging agency DLC
082 ## - DEWEY DECIMAL CLASSIFICATION NUMBER
Edition number 515.35
Classification number BAI
245 ## - TITLE STATEMENT
Title Differential Equations with Maxima
Remainder of title Drumi D. Bainov, Snezhana G. Hristova
440 ## - SERIES STATEMENT/ADDED ENTRY--TITLE
Title Differential Equations with Maxima
Number of part/section of a work 1st Edition
9 (RLIN) 90497
500 ## - GENERAL NOTE
General note Introduction. Integral Inequalities with Maxima. General Theory. Stability Theory and Lyapunov Functions. Oscillation Theory. Asymptotic Methods. Averaging Method. Notes and Comments. Bibliography.
563 ## - BINDING INFORMATION
Binding note H.B
942 ## - ADDED ENTRY ELEMENTS (KOHA)
Source of classification or shelving scheme
Koha item type Book
Holdings
Withdrawn status Lost status Source of classification or shelving scheme Damaged status Not for loan Permanent Location Current Location Date acquired Total Checkouts Full call number Barcode Date last seen Price effective from Koha item type
          School of Civil and Environmental Engineering (SCEE) School of Civil and Environmental Engineering (SCEE) 03/08/2022   515.35 BAI NIT-13547 03/08/2022 03/08/2022 Book
© 2023 Central Library, National University of Sciences and Technology. All Rights Reserved.